Capitales se terminant par la lettre O - Statistiques

Statistiques générales
  • Ce quiz a été pris 299 fois
  • Le résultat moyen est 12 sur 17
Statistiques - réponses
Réponse % Correct
Oslo
97%
Mexico
88%
Montevideo
86%
Santiago
82%
Quito
81%
Tokyo
77%
Monaco
75%
Bamako
74%
Antananarivo
73%
Paramaribo
72%
Sarajevo
67%
Maputo
66%
Yamoussoukro
65%
Mogadiscio
61%
Porto-Novo
61%
Malabo
55%
Majuro
42%
Aucun quiz correspondant
Distribution des résultats
% des personnes avec chaque résultat
Percentile par nombre de réponses
Votre historique - résultats
Vous n’avez pas pris ce quiz